Nowy kodeks drogowy z komentarzem : (Rekord nr 33244)
| 000 -ETYKIETA REKORDU | |
|---|---|
| podpole kontrolne o stałej długości | 00880nam a2200253 i 4500 |
| 001 - NUMER KONTROLNY REKORDU | |
| pole kontrolne | bg |
| 020 ## - MIĘDZYNARODOWY ZNORMALIZOWANY NUMER KSIĄŻKI - ISBN | |
| ISBN | 8387261467 |
| 040 ## - ŹRÓDŁO KATALOGOWANIA | |
| Instytucja, która utworzyła rekord | BPK |
| 041 0# - KOD JĘZYKA | |
| Kod języka tekstu | pl |
| 080 ## - UNIWERSALNA KLASYFIKACJA DZIESIĘTNA - UKD | |
| UKD | 351.811.122(438)(094.4) |
| 920 ## - Międzynarodowy znormalizowany numer książki – ISBN | |
| ISBN | 83-87261-46-7 |
| 008 - POLE O STAŁEJ DŁUGOŚCI - DANE KONTROLNE | |
| podpole kontrolne o stałej długości | s pl f |000 0 pol |
| 100 1# - NAZWA OSOBOWA | |
| Nazwa osobowa | JASIŃSKI, Adam |
| 245 10 - TYTUŁ/ODPOWIEDZIALNOŚĆ | |
| Tytuł | Nowy kodeks drogowy z komentarzem : |
| Ciąg dalszy tytułu | kompletny wykaz znaków i sygnałów drogowych / |
| Pozostałe elementy strefy tytułu i oznaczenia odpowiedzialności | Adam Jasiński, Wojciech Kotowski, Mariusz Wasiak. |
| 246 1# - WARIANT TYTUŁU | |
| Tytuł | Kodeks drogowy '98 |
| Ciąg dalszy tytułu | komentarz |
| 250 ## - STREFA WYDANIA | |
| Oznaczenie wydania | Stan prawny na dzień 1 stycznia 1998 r. |
| 260 ## - STREFA ADRESU WYDAWNICZEGO | |
| Miejsce wydania | Warszawa : |
| Nazwa wydawcy/dystrybutora | Wydaw. Książkowe INFOR, |
| Data publikacji, dystrybucji/powstania dokumentu | 1998. |
| 300 ## - STREFA OPISU FIZYCZNEGO | |
| Objętość | 403, XXIV s. : |
| Inne cechy fizyczne | rys. kolor. ; |
| Rozmiary | 21 cm. |
| 500 ## - UWAGI OGÓLNE | |
| Tekst uwagi | Tyt. okł. : "Kodeks drogowy '98 : komentarz". |
| 650 #9 - HASŁO PRZEDMIOTOWE W FORMIE NAZWY OGÓLNEJ LUB JEDNOSTKOWEJ | |
| Nazwa ogólna lub geograficzna | Komunikacja drogowa |
| Określnik ogólny | prawo |
| Określnik geograficzny | Polska |
| Określnik chronologiczny | stan na 1997 r. |
| 700 1# - HASŁO DODATKOWE - NAZWA OSOBOWA | |
| Nazwa osobowa | KOTOWSKI, Wojciech |
| 700 1# - HASŁO DODATKOWE - NAZWA OSOBOWA | |
| Nazwa osobowa | WASIAK, Mariusz |
| 942 ## - DODATKOWE ELEMENTY (KOHA) | |
| Typ dokumentu | Książka |
| Wycofany | Status egzemplarza | Uszkodzony | Dostępność | Lokalizacja stała | Lokalizacja bieżąca | Miejsce przechowywania | Sygnatura | Kod kreskowy | Dział | Typ dokumentu | Ostatnio wypożyczono |
|---|---|---|---|---|---|---|---|---|---|---|---|
| Tylko na miejscu | Biblioteka Politechniki Koszalińskiej | Biblioteka Politechniki Koszalińskiej | Czytelnia BG | 43177 | 01339758 | 35 Administracja publiczna | Książka | ||||
| Dostępny | Biblioteka Politechniki Koszalińskiej | Biblioteka Politechniki Koszalińskiej | Wypożyczalnia BG | 43178 | 01339741 | Książka | 27.11.2014 |
